| 000 | 00560nam a22002297a 4500 | ||
|---|---|---|---|
| 003 | UA-OsUOA | ||
| 001 | 29624 | ||
| 007 | ta | ||
| 008 | 20041015b un ||||| |||| 00| 0 ukr d | ||
| 090 |
_a82.09(477) _bЛ63 |
||
| 942 | _cBK | ||
| 040 |
_aUA-OsUOA _bukr _cUA-OsUOA _dUA-OsUOA |
||
| 245 |
_aЛист у вічність _bСпогади про Юрія Яновського |
||
| 300 | _a349 с. | ||
| 955 | _a0 | ||
| 041 | _aukr | ||
| 080 | _a82.09(477) | ||
| 260 |
_aКиїв _bДніпро _c1980 |
||
| 044 | _aUA | ||
| 650 | 7 | _2UDC | |
| 999 |
_c316017 _d316017 |
||